Webmarketing

Salvato in:
Dettagli Bibliografici
Autore principale: Eouzan, Guillaume
Altri autori: Dupuis, Jérémie, Michalon, Charlotte
Natura: Libro
Lingua:francese
Pubblicazione: St. Herblain Editions ENI 2016
Soggetti:
Tags: Aggiungi Tag
Nessun Tag, puoi essere il primo ad aggiungerne!!

MARC

LEADER 00000nam a2200000 4500
001 0235040
005 20221107101323.5
020 |a 978-2-409-00094-2 
041 0 |a fre 
044 |a FR 
245 1 0 |a Webmarketing  |c Guillaume Eouzan, Jérémie Dupuis, Charlotte Michalon 
264 1 |a St. Herblain  |b Editions ENI  |c 2016 
300 |a 544 s. 
610 2 0 |a marketing elektronický 
610 2 0 |a stratégia marketingová 
610 2 0 |a internet 
610 2 0 |a stránky webové 
610 2 0 |a médiá sociálne 
610 2 0 |a siete sociálne 
610 2 0 |a vzťahy s verejnosťou 
100 1 |a Eouzan, Guillaume 
700 1 |a Dupuis, Jérémie 
700 1 |a Michalon, Charlotte